000 00474nam a2200169Ia 4500
999 _c19853
_d19853
003 OSt
005 20200703140602.0
008 190216s9999||||xx |||||||||||||| ||und||
040 _coclc
082 _a940.02
_bMUK/M
100 _aMukherjee, L
_93522
245 0 _aModern Europe And The World /
_cL Mukherjee
260 _bBook Hive Publishing,
_aNew Delhi:
300 _a610p
650 _aHistory
942 _cBK
_2ddc
_h940.02
_iMUK/M
_k940.02
_mMUK/M